| 000 | 00421nam a2200157Ia 4500 | ||
|---|---|---|---|
| 008 | 210716s1991 xx 000 0 und d | ||
| 020 | _a0894261924 | ||
| 041 | _aeng | ||
| 082 | _a519.5 ROBH | ||
| 100 | _aHarry V. Robers. | ||
| 245 | _aData analysis for managers with MINITAB. | ||
| 250 | _a2 | ||
| 260 |
_aSan Francisco _bThe scientific press _c1991 |
||
| 300 | _axvi,510 | ||
| 650 | _aStatistical Mathematics(519.5) | ||
| 999 |
_c203024 _d203024 |
||